[Event "M. Gvozdenovica Memorial 2019"]
[Site "Valjevo"]
[Date "2019.10.10"]
[Round "7.5"]
[White "Savic, Miodrag R"]
[Black "Ratkovic, Miloje"]
[Result "1/2-1/2"]
[WhiteElo "2453"]
[BlackElo "2456"]
[Annotator "ChessBase"]
[PlyCount "37"]
[EventDate "2019.10.08"]
[EventCountry "SRB"]
[SourceTitle "playchess.com"]
[Source "ChessBase"]
[SourceQuality "1"]
[TimeControl "5400+30"]

1. e4 {[%emt 0:00:00]} c6 {[%emt 0:00:19]} 2. d4 {[%emt 0:00:38]} d5 {[%emt 0:01:20]} 3. exd5 {[%emt 0:01:28]} cxd5 {[%emt 0:00:24]} 4. Bd3 {[%emt 0:00:52]} Nc6 {[%emt 0:02:24]} 5. c3 {[%emt 0:00:43]} Nf6 {[%emt 0:01:25]} 6. Nf3 {[%emt 0:04:04]} Bg4 {[%emt 0:02:53]} 7. O-O {[%emt 0:00:47]} e6 {[%emt 0:00:20]} 8. Re1 {[%emt 0:05:10]} Be7 {[%emt 0:01:39]} 9. Nbd2 {[%emt 0:00:14]} O-O {[%emt 0:00:35]} 10. Nf1 {[%emt 0:00:49]} Bh5 {[%emt 0:00:57]} 11. Bf4 {[%emt 0:01:45]} Bg6 {[%emt 0:00:55]} 12. Ng3 {[%emt 0:01:58]} Bxd3 {[%emt 0:02:09]} 13. Qxd3 {[%emt 0:00:10]} Bd6 {[%emt 0:00:23]} 14. Bxd6 {[%emt 0:03:27]} Qxd6 {[%emt 0:00:36]} 15. Re2 {[%emt 0:01:49]} Qc7 {[%emt 0:02:49]} 16. Rae1 {[%emt 0:00:32]} Rab8 {[%emt 0:00:25]} 17. Ne5 {[%emt 0:02:05]} b5 {[%emt 0:01:31]} 18. a3 {[%emt 0:00:23]} a5 {[%emt 0:01:08]} 19. h3 1/2-1/2

[Event "M. Gvozdenovica Memorial 2019"]
[Site "Valjevo"]
[Date "2019.10.11"]
[Round "8.1"]
[White "Tomic, Aleksandar"]
[Black "Ratkovic, Miloje"]
[Result "1/2-1/2"]
[WhiteElo "2360"]
[BlackElo "2456"]
[Annotator "TA"]
[PlyCount "34"]
[EventDate "2019.10.08"]
[EventCountry "SRB"]
[SourceTitle "playchess.com"]
[Source "ChessBase"]
[SourceQuality "1"]

{[%evp 17,34,23,24,18,22,26,27,20,31,43,41,13,12,12,12,12,22,22,64]} 1. d4 d5 2. Nf3 Nf6 3. c4 e6 4. Nc3 Be7 5. Bg5 O-O 6. e3 Nbd7 7. Qc2 h6 8. Bh4 c5 9. cxd5 Nxd5 10. Bxe7 {D61: Queen's Gambit Declined: Classical: 7 Qc2} Nxe7 11. dxc5 Nxc5 12. Be2 {White has an edge.} Bd7 13. b4 Na6 {[%cal Bc5a6,Ba6c7,Bc7d5][%mdl 32] [#]} 14. a3 $146 ({Predecessor:} 14. Qb2 Qb6 15. Rb1 Rfd8 {0-1 (69) Maghsoodloo,P (2673)-Adams,M (2708) Astana 2019}) 14... Rc8 {[#] Threatens to win with ...Nd5.The position is equal.} 15. Qb2 Nc7 16. O-O Ncd5 17. Ne4 Qb6 1/2-1/2

[Event "M. Gvozdenovica Memorial 2019"]
[Site "Valjevo"]
[Date "2019.10.11"]
[Round "8.2"]
[White "Markovic, Miroslav"]
[Black "Savic, Miodrag R"]
[Result "0-1"]
[WhiteElo "2392"]
[BlackElo "2453"]
[Annotator "ChessBase"]
[PlyCount "28"]
[EventDate "2019.10.08"]
[EventCountry "SRB"]
[SourceTitle "playchess.com"]
[Source "ChessBase"]
[SourceQuality "1"]
[TimeControl "5400+30"]

1. Nf3 {[%emt 0:17:03]} d5 {[%emt 0:00:22]} 2. g3 {[%emt 0:00:14]} c5 {[%emt 0:00:51]} 3. Bg2 {[%emt 0:00:10]} Nc6 {[%emt 0:00:40]} 4. O-O {[%emt 0:00:04]} e5 {[%emt 0:01:15]} 5. d3 {[%emt 0:00:10]} Nge7 {[%emt 0:03:30]} 6. e4 {[%emt 0:01:59]} d4 {[%emt 0:00:30]} 7. Nh4 {[%emt 0:00:27]} f6 {[%emt 0:08:04]} 8. f4 {[%emt 0:00:30]} Be6 {[%emt 0:00:19]} 9. Nd2 {[%emt 0:04:00]} Qd7 {[%emt 0:01:41]} 10. f5 {[%emt 0:00:30]} Bg8 {[%emt 0:00:30]} 11. Bf3 {[%emt 0:00:12]} O-O-O {[%emt 0:02:06]} 12. Bh5 {[%emt 0:00:30]} Kb8 {[%emt 0:01:57]} 13. a3 {[%emt 0:07:53]} Nc8 {[%emt 0:00:42]} 14. b3 {[%emt 0:00:22]} Nb4 {[%emt 0:01:56]} 0-1

[Event "M. Gvozdenovica Memorial 2019"]
[Site "Valjevo"]
[Date "2019.10.11"]
[Round "8.4"]
[White "Blagojevic, Dragisa"]
[Black "Stojanovic, Dalibor"]
[Result "1/2-1/2"]
[WhiteElo "2500"]
[BlackElo "2501"]
[Annotator "ChessBase"]
[PlyCount "30"]
[EventDate "2019.10.08"]
[EventCountry "SRB"]
[SourceTitle "playchess.com"]
[Source "ChessBase"]
[SourceQuality "1"]
[TimeControl "5400+30"]

1. Nf3 {[%emt 0:00:00]} Nf6 {[%emt 0:00:00]} 2. g3 {[%emt 0:00:00]} g6 {[%emt 0:00:00]} 3. b3 {[%emt 0:00:00]} Bg7 {[%emt 0:00:05]} 4. Bb2 {[%emt 0:00:00]} O-O {[%emt 0:00:14]} 5. Bg2 {[%emt 0:00:04]} d6 {[%emt 0:00:14]} 6. d4 {[%emt 0:00:09]} c5 {[%emt 0:00:16]} 7. c4 {[%emt 0:00:13]} Nc6 {[%emt 0:00:18]} 8. O-O {[%emt 0:00:19]} cxd4 {[%emt 0:00:04]} 9. Nxd4 {[%emt 0:00:08]} Bd7 {[%emt 0:00:10]} 10. Nc3 {[%emt 0:00:10]} Nxd4 {[%emt 0:00:06]} 11. Qxd4 {[%emt 0:00:06]} Bc6 {[%emt 0:00:03]} 12. Nd5 {[%emt 0:00:18]} Ne8 {[%emt 0:00:07]} 13. Qd2 {[%emt 0:00:08]} Bxb2 {[%emt 0:00:04]} 14. Qxb2 {[%emt 0:00:11]} Bxd5 {[%emt 0:00:02]} 15. Bxd5 {[%emt 0:00:19]} Qb6 {[%emt 0:00:02]} 1/2-1/2

[Event "M. Gvozdenovica Memorial 2019"]
[Site "Valjevo"]
[Date "2019.10.11"]
[Round "8.5"]
[White "Pezelj, Novak"]
[Black "Budisavljevic, Luka"]
[Result "1/2-1/2"]
[WhiteElo "2479"]
[BlackElo "2432"]
[Annotator "ChessBase"]
[PlyCount "36"]
[EventDate "2019.10.08"]
[EventCountry "SRB"]
[SourceTitle "playchess.com"]
[Source "ChessBase"]
[SourceQuality "1"]
[TimeControl "5400+30"]

1. Nf3 {[%emt 0:00:00]} d5 {[%emt 0:01:13]} 2. g3 {[%emt 0:02:20]} Bg4 {[%emt 0:00:41]} 3. Bg2 {[%emt 0:00:33]} c6 {[%emt 0:00:19]} 4. O-O {[%emt 0:02:18]} e6 {[%emt 0:00:31]} 5. d3 {[%emt 0:00:34]} Bd6 {[%emt 0:00:13]} 6. e4 {[%emt 0:00:18]} Ne7 {[%emt 0:01:10]} 7. b3 {[%emt 0:05:42]} O-O {[%emt 0:00:42]} 8. Bb2 {[%emt 0:00:05]} Nd7 {[%emt 0:00:45]} 9. Nbd2 {[%emt 0:01:11]} a5 {[%emt 0:00:16]} 10. a3 {[%emt 0:00:43]} b5 {[%emt 0:00:49]} 11. h3 {[%emt 0:07:28]} Bh5 {[%emt 0:00:10]} 12. Qe1 {[%emt 0:00:31]} Qb6 {[%emt 0:09:33]} 13. Kh1 {[%emt 0:00:58]} Rac8 {[%emt 0:02:35]} 14. Rb1 {[%emt 0:11:53]} Bb8 {[%emt 0:07:55]} 15. Nh2 {[%emt 0:04:01]} f6 {[%emt 0:02:28]} 16. f4 {[%emt 0:03:40]} Bf7 {[%emt 0:00:30]} 17. Nhf3 {[%emt 0:02:14]} Rfe8 {[%emt 0:02:22]} 18. c4 {[%emt 0:11:52]} Qa6 {[%emt 0:12:18]} 1/2-1/2

[Event "M. Gvozdenovica Memorial 2019"]
[Site "Valjevo"]
[Date "2019.10.12"]
[Round "9.1"]
[White "Budisavljevic, Luka"]
[Black "Tomic, Aleksandar"]
[Result "1-0"]
[WhiteElo "2432"]
[BlackElo "2360"]
[Annotator "ChessBase"]
[PlyCount "67"]
[EventDate "2019.10.08"]
[EventCountry "SRB"]
[SourceTitle "playchess.com"]
[Source "ChessBase"]
[SourceQuality "1"]
[TimeControl "5400+30"]

1. d4 c5 {[%emt 0:00:00]} 2. d5 {[%emt 0:00:00]} e6 {[%emt 0:00:20]} 3. Nc3 {[%emt 0:00:00]} a6 {[%emt 0:00:32]} 4. a4 {[%emt 0:01:18]} Nf6 {[%emt 0:02:10]} 5. e4 {[%emt 0:00:15]} d6 {[%emt 0:00:13]} 6. Nf3 exd5 7. exd5 Bg4 8. h3 Bxf3 9. Qxf3 Be7 10. Bf4 O-O 11. g4 Nfd7 12. h4 Re8 13. O-O-O Bf8 14. Qg3 Ne5 15. Bd2 b5 16. f4 Ned7 17. g5 c4 18. g6 fxg6 19. h5 gxh5 20. Bh3 {[%emt 0:55:03]} Nf6 {[%emt 1:06:22]} 21. Be6+ {[%emt 0:00:31]} Kh8 {[%emt 0:00:14]} 22. f5 {[%emt 0:03:40]} Nbd7 {[%emt 0:07:24]} 23. Ne2 {[%emt 0:02:57]} Nc5 {[%emt 0:03:38]} 24. Nf4 {[%emt 0:02:39]} Nce4 {[%emt 0:01:12]} 25. Qf3 {[%emt 0:05:35]} bxa4 {[%emt 0:07:27]} 26. Ng6+ {[%emt 0:03:01]} hxg6 {[%emt 0:00:37]} 27. fxg6 {[%emt 0:00:08]} Ng3 {[%emt 0:07:31]} 28. Qxg3 {[%emt 0:00:09]} Rxe6 {[%emt 0:00:49]} 29. dxe6 {[%emt 0:01:00]} Rb8 {[%emt 0:00:12]} 30. Qg5 Kg8 {[%emt 0:03:00]} 31. Rxh5 {[%emt 0:04:07]} Qb6 {[%emt 0:00:30]} 32. Bc3 {[%emt 0:01:49]} Nxh5 {[%emt 0:00:54]} 33. Qxh5 {[%emt 0:00:09]} Qe3+ {[%emt 0:01:21]} 34. Bd2 {[%emt 0:00:06]} 1-0

[Event "M. Gvozdenovica Memorial 2019"]
[Site "Valjevo"]
[Date "2019.10.12"]
[Round "9.2"]
[White "Stojanovic, Dalibor"]
[Black "Pezelj, Novak"]
[Result "1/2-1/2"]
[WhiteElo "2501"]
[BlackElo "2479"]
[Annotator "ChessBase"]
[PlyCount "30"]
[EventDate "2019.10.08"]
[EventCountry "SRB"]
[SourceTitle "playchess.com"]
[Source "ChessBase"]
[SourceQuality "1"]
[TimeControl "5400+30"]

1. e4 c5 2. Nf3 d6 3. Bb5+ Bd7 {[%emt 0:01:00]} 4. Bxd7+ {[%emt 0:00:44]} Nxd7 {[%emt 0:00:22]} 5. O-O {[%emt 0:00:24]} Ngf6 {[%emt 0:00:51]} 6. Re1 {[%emt 0:00:08]} e5 {[%emt 0:00:29]} 7. d3 {[%emt 0:00:22]} Be7 {[%emt 0:00:21]} 8. Nc3 {[%emt 0:00:26]} O-O {[%emt 0:00:50]} 9. Bg5 {[%emt 0:00:03]} Ne8 {[%emt 0:01:06]} 10. Bxe7 {[%emt 0:00:05]} Qxe7 {[%emt 0:00:06]} 11. Nd2 {[%emt 0:00:03]} Nc7 {[%emt 0:00:20]} 12. Nc4 {[%emt 0:00:08]} g6 {[%emt 0:01:51]} 13. Ne3 {[%emt 0:00:06]} Nf6 {[%emt 0:01:14]} 14. a4 {[%emt 0:00:13]} b6 {[%emt 0:01:06]} 15. h3 {[%emt 0:00:05]} a6 {[%emt 0:00:06]} 1/2-1/2

[Event "M. Gvozdenovica Memorial 2019"]
[Site "Valjevo"]
[Date "2019.10.12"]
[Round "9.3"]
[White "Ratkovic, Milovan"]
[Black "Blagojevic, Dragisa"]
[Result "1/2-1/2"]
[WhiteElo "2416"]
[BlackElo "2500"]
[Annotator "ChessBase"]
[PlyCount "21"]
[EventDate "2019.10.08"]
[EventCountry "SRB"]
[SourceTitle "playchess.com"]
[Source "ChessBase"]
[SourceQuality "1"]
[TimeControl "5400+30"]

1. d4 d5 {[%emt 0:00:00]} 2. c4 {[%emt 0:02:11]} c6 {[%emt 0:00:00]} 3. Nc3 {[%emt 0:00:04]} Nf6 {[%emt 0:00:00]} 4. e3 {[%emt 0:00:04]} e6 {[%emt 0:00:00]} 5. Nf3 {[%emt 0:00:03]} Nbd7 {[%emt 0:00:00]} 6. Qc2 {[%emt 0:00:03]} b6 {[%emt 0:00:00]} 7. Be2 {[%emt 0:00:03]} Bb7 {[%emt 0:00:00]} 8. O-O {[%emt 0:00:06]} Be7 {[%emt 0:00:00]} 9. b3 {[%emt 0:00:04]} O-O {[%emt 0:00:02]} 10. Bb2 {[%emt 0:00:03]} Qc7 {[%emt 0:00:04]} 11. Rac1 {[%emt 0:00:04]} 1/2-1/2